00680nam a2200241 a 4500001001300000003000900013005001700022008004100039020001000080082001400090100001700104245004900121260003700170300000800207500003500215505001000250650001600260700001700276902000800293942000700301952011500308999001500423nice12345678IN_TiNIC20260116012520.0050524s0000 beia grp 000 0 eng  ac10000a239bABD6 aAbd, Al Fadi aPerson of Christ in the Gospel and the Quran aBeirutbMarkaz Ilshabiyatac0000 a92p aincludes index and biblioraphy2 aIndex aApologetics1 aAbd, Al Fadi bSRS cBK 001040708StackRoom-aHMIbHMId2007-06-20g100.00l0o239 ABD6p010342r2007-06-20v100.00w2005-05-24yBK c7312d7312